000 00731nam a2200217 i 4500
001 189096
003 SpMaBN
005 20231102063035.0
008 190329s1933 sp |||| | spa d
040 _aSpMaBN
_bspa
_cCDM
100 1 _aWassermann, Jakob,
_d1873-1934
_9116154
245 1 0 _aLaudín y los suyos /
_cJakob Wassermann ; traducida del alemán por Eduardo Prado.
250 _a1ª ed.
260 _aMadrid :
_bDédalo,
_c1933.
300 _a318 p. ;
_c17 cm.
490 1 _aSelección literaria
700 1 _aPrado, Eduardo.
_993607
830 0 _aSelección literaria
_9225772
852 _aES-MaACL
_jL-32264
_z. - Donat. herederos de la bibl. de Mª del Pilar Costa Palacín
999 _c189096
_d189096